中国大陆纯地级行政区常住人口排名(首字母提示+地图版) - Statistics

General Stats
  • This quiz has been taken 30 times
  • The average score is 90 of 333
Answers on the Map
Answers color-coded by a green-red scale on the quiz's map according to % correct below.
 
Answer Stats
首字母 行政区 常住人口 % Correct
C 成都 20,937,757
100%
G 广州 18,676,605
90%
X 西安 12,952,907
90%
S 苏州 12,748,262
90%
S 深圳 17,560,061
80%
W 武汉 12,326,518
80%
H 杭州 11,936,010
80%
L 临沂 11,018,365
80%
Q 青岛 10,071,722
80%
Z 郑州 12,600,574
70%
S 石家庄 11,235,086
70%
H 哈尔滨 10,009,854
70%
S 沈阳 9,070,093
70%
C 长春 9,066,906
70%
W 无锡 7,462,135
70%
B 保定 11,544,036
60%
D 东莞 10,466,625
60%
C 长沙 10,047,914
60%
N 南阳 9,713,112
60%
W 温州 9,572,903
60%
F 佛山 9,498,863
60%
H 邯郸 9,413,990
60%
N 宁波 9,404,283
60%
W 潍坊 9,386,705
60%
H 合肥 9,369,881
60%
N 南京 9,314,685
60%
J 济南 9,202,432
60%
X 徐州 9,083,790
60%
G 赣州 8,970,014
60%
Q 泉州 8,782,285
60%
N 南宁 8,741,584
60%
F 福州 8,677,249
60%
K 昆明 8,460,088
60%
J 济宁 8,357,897
60%
F 阜阳 8,200,264
60%
N 南通 7,726,635
60%
T 唐山 7,717,983
60%
D 大连 7,450,785
60%
Y 烟台 7,102,116
60%
L 洛阳 7,056,699
60%
J 金华 7,050,683
60%
Z 湛江 6,981,236
60%
Z 周口 9,026,015
50%
H 菏泽 8,795,939
50%
S 商丘 7,816,831
50%
C 沧州 7,300,783
50%
X 邢台 7,111,106
50%
Z 驻马店 7,008,427
50%
Y 盐城 6,709,629
50%
T 台州 6,622,888
50%
N 南昌 6,255,007
50%
X 信阳 6,234,401
50%
M 茂名 6,174,050
50%
G 贵阳 5,987,018
50%
Y 玉林 5,796,766
50%
Q 曲靖 5,765,775
50%
D 德州 5,611,194
50%
A 安阳 5,477,614
50%
A 阿坝藏族自治州 822,587
50%
Y 玉树藏族自治州 425,199
50%
D 迪庆藏族自治州 387,511
50%
S 山南 354,035
50%
L 林芝 238,936
50%
A 阿里地区 123,281
50%
S 三沙 2,333
50%
B 毕节 6,899,636
40%
H 衡阳 6,645,243
40%
Z 遵义 6,606,675
40%
S 邵阳 6,563,520
40%
S 上饶 6,491,088
40%
X 新乡 6,251,929
40%
H 惠州 6,042,852
40%
L 聊城 5,952,128
40%
H 黄冈 5,882,719
40%
N 南充 5,607,565
40%
J 揭阳 5,577,814
40%
S 汕头 5,502,031
40%
J 嘉兴 5,400,868
40%
S 宿州 5,324,476
40%
T 太原 5,304,061
40%
S 绍兴 5,270,977
40%
X 襄阳 5,260,951
40%
X 厦门 5,163,970
40%
S 三亚 1,031,396
40%
L 拉萨 867,891
40%
C 昌都 760,966
40%
N 怒江傈僳族自治州 552,694
40%
N 那曲 504,838
40%
H 海西蒙古族藏族自治州 468,216
40%
J 嘉峪关 312,663
40%
H 黄南藏族自治州 276,215
40%
H 海北藏族自治州 265,322
40%
A 阿拉善盟 262,361
40%
G 果洛藏族自治州 215,573
40%
T 泰安 5,472,217
30%
L 廊坊 5,464,087
30%
D 达州 5,385,422
30%
C 常州 5,278,121
30%
J 荆州 5,231,180
30%
Z 昭通 5,092,611
30%
Z 漳州 5,054,328
30%
Y 岳阳 5,051,922
30%
S 宿迁 4,986,192
30%
M 绵阳 4,868,243
30%
Z 淄博 4,704,138
30%
Y 扬州 4,559,797
30%
T 泰州 4,512,762
30%
H 衡水 4,212,933
30%
A 安庆 4,165,284
30%
L 柳州 4,157,934
30%
C 赤峰 4,035,967
30%
Q 黔东南苗族侗族自治州 3,758,622
30%
W 芜湖 3,644,420
30%
A 鞍山 3,325,372
30%
T 铜仁 3,298,468
30%
Q 黔西南布依族苗族自治州 3,015,112
30%
Z 舟山 1,157,817
30%
G 甘孜藏族自治州 1,107,431
30%
E 鄂州 1,079,353
30%
J 酒泉 1,055,706
30%
D 儋州 954,259
30%
B 白山 951,866
30%
H 鹤岗 891,271
30%
R 日喀则 798,153
30%
G 甘南藏族自治州 691,808
30%
Q 七台河 689,611
30%
H 哈密 673,383
30%
A 阿勒泰地区 648,173
30%
K 克孜勒苏柯尔克孜自治州 622,222
30%
K 克拉玛依 490,348
30%
H 海南藏族自治州 446,996
30%
J 金昌 438,026
30%
B 博尔塔拉蒙古自治州 433,467
30%
D 大兴安岭地区 331,276
30%
C 常德 5,279,102
20%
Y 宜春 5,007,702
20%
B 亳州 4,996,844
20%
P 平顶山 4,987,137
20%
G 桂林 4,931,137
20%
J 江门 4,798,090
20%
Y 运城 4,774,508
20%
L 连云港 4,599,360
20%
H 怀化 4,587,594
20%
H 淮安 4,556,230
20%
K 喀什地区 4,496,377
20%
H 红河哈尼族彝族自治州 4,478,422
20%
J 吉安 4,469,176
20%
Z 中山 4,418,060
20%
L 六安 4,393,699
20%
X 许昌 4,379,998
20%
L 兰州 4,359,446
20%
G 贵港 4,316,262
20%
X 咸阳 4,213,713
20%
Q 齐齐哈尔 4,067,489
20%
W 乌鲁木齐 4,054,369
20%
Y 宜昌 4,017,607
20%
C 滁州 3,987,054
20%
L 临汾 3,976,481
20%
Y 榆林 3,624,750
20%
J 吉林 3,623,713
20%
F 抚州 3,614,866
20%
J 焦作 3,521,078
20%
Q 黔南布依族苗族自治州 3,494,385
20%
D 德阳 3,456,161
20%
E 恩施土家族苗族自治州 3,456,136
20%
H 湖州 3,367,579
20%
D 大理白族自治州 3,337,559
20%
Z 镇江 3,210,418
20%
H 海口 2,873,358
20%
T 通辽 2,873,168
20%
C 朝阳 2,872,857
20%
Y 银川 2,859,074
20%
D 大庆 2,781,562
20%
B 包头 2,709,378
20%
J 锦州 2,703,853
20%
J 荆门 2,596,927
20%
D 定西 2,524,097
20%
X 宣城 2,500,063
20%
X 西宁 2,467,965
20%
L 陇南 2,407,272
20%
Y 营口 2,328,582
20%
L 临沧 2,257,991
20%
S 松原 2,252,994
20%
D 丹东 2,188,436
20%
Q 庆阳 2,179,716
20%
C 崇左 2,088,692
20%
Y 延边朝鲜族自治州 1,986,339
20%
B 北海 1,853,227
20%
S 四平 1,814,733
20%
C 昌吉回族自治州 1,613,585
20%
L 辽阳 1,604,580
20%
B 白城 1,567,885
20%
B 白银 1,512,110
20%
J 鸡西 1,502,060
20%
H 海东 1,358,471
20%
C 池州 1,342,764
20%
H 黄山 1,330,565
20%
Y 阳泉 1,318,505
20%
D 德宏傣族景颇族自治州 1,315,709
20%
X 西双版纳傣族自治州 1,301,407
20%
H 黑河 1,286,401
20%
P 攀枝花 1,212,203
20%
X 新余 1,202,499
20%
Z 张掖 1,131,016
20%
X 锡林郭勒盟 1,107,075
20%
Z 中卫 1,067,336
20%
L 辽源 996,903
20%
Y 伊春 878,881
20%
S 石嘴山 751,389
20%
W 乌海 556,621
20%
Y 永州 5,289,824
10%
L 凉山彝族自治州 4,858,359
10%
K 开封 4,824,016
10%
W 渭南 4,688,744
10%
C 郴州 4,667,134
10%
J 九江 4,600,276
10%
Y 宜宾 4,588,804
10%
X 孝感 4,270,371
10%
L 泸州 4,254,149
10%
Z 张家口 4,118,908
10%
Z 肇庆 4,113,594
10%
Q 清远 3,969,473
10%
B 滨州 3,928,568
10%
Z 株洲 3,902,738
10%
M 梅州 3,873,239
10%
Z 枣庄 3,855,601
10%
Y 益阳 3,851,564
10%
L 娄底 3,826,996
10%
P 濮阳 3,772,088
10%
S 绥化 3,756,167
10%
H 呼和浩特 3,446,100
10%
H 河池 3,417,945
10%
J 晋中 3,379,498
10%
C 承德 3,354,444
10%
B 宝鸡 3,321,853
10%
Q 钦州 3,302,238
10%
B 蚌埠 3,296,408
10%
H 汉中 3,211,462
10%
P 莆田 3,210,714
10%
S 十堰 3,209,004
10%
C 长治 3,180,884
10%
L 乐山 3,160,168
10%
N 宁德 3,146,789
10%
N 内江 3,140,678
10%
Q 秦皇岛 3,136,879
10%
D 大同 3,105,591
10%
H 淮南 3,033,528
10%
L 六盘水 3,031,602
10%
T 天水 2,984,659
10%
R 日照 2,968,365
10%
M 眉山 2,955,219
10%
W 威海 2,906,548
10%
S 韶关 2,855,131
10%
H 河源 2,837,686
10%
W 梧州 2,820,977
10%
S 遂宁 2,814,196
10%
Y 伊犁哈萨克自治州 2,778,869
10%
X 湘潭 2,726,181
10%
L 龙岩 2,723,637
10%
A 阿克苏地区 2,714,422
10%
X 忻州 2,689,668
10%
N 南平 2,680,645
10%
S 汕尾 2,672,819
10%
X 咸宁 2,658,316
10%
Y 阳江 2,602,959
10%
C 潮州 2,568,387
10%
L 丽水 2,507,396
10%
A 安康 2,493,436
10%
Z 自贡 2,489,256
10%
X 湘西土家族苗族自治州 2,488,105
10%
S 三明 2,486,450
10%
A 安顺 2,470,630
10%
H 黄石 2,469,079
10%
H 和田地区 2,441,231
10%
H 葫芦岛 2,434,194
10%
B 保山 2,431,211
10%
C 楚雄彝族自治州 2,416,747
10%
P 普洱 2,404,954
10%
T 铁岭 2,388,294
10%
Y 云浮 2,383,350
10%
L 漯河 2,367,490
10%
Z 资阳 2,308,631
10%
M 牡丹江 2,290,208
10%
Y 延安 2,282,581
10%
Q 衢州 2,276,184
10%
Y 玉溪 2,249,502
10%
H 呼伦贝尔 2,242,875
10%
J 晋城 2,194,545
10%
D 东营 2,193,518
10%
M 马鞍山 2,159,930
10%
J 佳木斯 2,156,505
10%
E 鄂尔多斯 2,153,638
10%
L 临夏回族自治州 2,109,750
10%
L 来宾 2,074,611
10%
S 随州 2,047,923
10%
S 商洛 2,041,231
10%
S 三门峡 2,034,872
10%
H 贺州 2,007,858
10%
F 抚顺 1,861,372
10%
P 平凉 1,848,607
10%
T 通化 1,812,114
10%
P 萍乡 1,804,805
10%
F 阜新 1,647,280
10%
J 景德镇 1,618,979
10%
S 朔州 1,593,444
10%
H 鹤壁 1,565,973
10%
B 巴彦淖尔 1,538,715
10%
Z 张家界 1,517,027
10%
B 巴音郭楞蒙古自治州 1,509,233
10%
W 武威 1,464,955
10%
Y 雅安 1,434,603
10%
X 兴安盟 1,416,929
10%
P 盘锦 1,389,691
10%
W 吴忠 1,382,713
10%
B 本溪 1,326,018
10%
T 铜陵 1,311,726
10%
L 丽江 1,253,878
10%
S 双鸭山 1,208,803
10%
Y 鹰潭 1,154,223
10%
G 固原 1,142,142
10%
T 塔城地区 1,108,747
10%
F 防城港 1,046,068
10%
T 铜川 698,322
10%
T 吐鲁番 693,988
10%
B 百色 3,571,505
0%
W 文山壮族苗族自治州 3,503,218
0%
L 吕梁 3,398,431
0%
G 广安 3,254,883
0%
B 巴中 2,712,894
0%
Z 珠海 2,439,585
0%
G 广元 2,305,657
0%
H 淮北 1,970,265
0%
W 乌兰察布 1,706,328
0%
No matching quizzes found
Score Distribution
Percent of People with Each Score
Percentile by Number Answered
Your Score History
You have not taken this quiz